| 000 | 00419nam a22001577a 4500 | ||
|---|---|---|---|
| 003 | OSt | ||
| 005 | 20240403095028.0 | ||
| 008 | 240403b |||||||| |||| 00| 0 eng d | ||
| 040 | _cCentral Library MRSPTU | ||
| 100 | _aB.S Rattan | ||
| 245 | _aRete Uppar Lakeeran (ਰੇਤੇ ਉੱਪਰ ਲਕੀਰਾਂ) | ||
| 250 | _b2nd | ||
| 260 |
_aPatiala _bParteek Publication _c2009 |
||
| 300 | _a104 | ||
| 942 |
_2ddc _cBK _n0 |
||
| 999 |
_c9945 _d9945 |
||